00405nam a2200157Ia 4500003000400000008004100004040001600045082002100061100001600082245005700098260002900155300001200184650001200196650001600208650002300224GCL140319s9999 xx 000 0 eng d aGCL / cGCL04aCCb050.941bH E1 aNELLY HANNA10aETUDES URBAINES: ANNUAL, TOME 2.1991 / cNELLY HANNA a[S.N] : bIFAO ، c1991 a275 PP04aHISTORY04aPERIODICALS04aURBAN ANTHROPOLOGY